00000000nam##2200000za#4500
0019.612062
003CaOODSP
00520200330205055
007ta
008150406|1996||||xxc|||||     f|0| 0 eng|d
020 |a0-662-23358-1
040 |aCaOODSP|beng
043 |an-cn---
0861 |aEn153-6/8-1996E
1101 |aCanada. |bEnvironment Canada. |bEnvironmental Protection Service.
24510|aCanadian Electrolytic Zinc Limited
260 |aMontreal - Quebec : |bEnvironment Canada. |c1996.
300 |a4p. : |bgraph, table ; |c28 cm.
4901 |aIndustrial plants highlights |v8
500 |aN.B.: Incorrect catalogue number (En153-6/8-1996F) printed in this publication.
563 |aPamphlet
590 |a96-48|b1996-11-29
7760#|tCanadian Electrolytic Zinc Limited |w(CaOODSP)9.816784
830#0|aIndustrial plants : highlights ;|v8|w(CaOODSP)9.514553